| 000 | 00490nam a22001817a 4500 | ||
|---|---|---|---|
| 003 | MPLRDC | ||
| 005 | 20220104165912.0 | ||
| 008 | 210129b ||||| |||| 00| 0 eng d | ||
| 020 | _aISSN0034-0383 | ||
| 082 | _a050.1 RD v.6 2009 | ||
| 100 | _aJIM PLOUFFE, EDITOR-IN-CHIEF | ||
| 245 |
_aREADER'S DIGEST. JUNE 2009 _c |
||
| 250 | _a1ST ED. | ||
| 260 |
_a _bREADER'S DIGEST ASIA PTE LTD _c2009 |
||
| 300 | _b152 | ||
| 650 | _aPERIODICALS--READER'S DIGEST | ||
| 942 |
_cBK _o050.1 RD v.6 2009 |
||
| 999 |
_c57658 _d57648 |
||